Statistiques concernant Culture Générale - Série 1378

Cliquez ici pour prendre le quiz!

Statistiques générales

  • Ce quiz a été pris 44 fois
  • Le résultat moyen est 7 sur 10

Statistiques - réponses

Question Réponse % Correct
Au sud-ouest de quelle capitale êtes-vous si vous assistez à un match au stade de Twickenham ?Londres
97%
Quelle est la forme française du prénom espagnol Cristobal ?Christophe
97%
Comment appelle-t-on l'ensemble de personnes qui chantent des choeurs dans une école ou dans une paroisse ?chorale
92%
Dans quelle ville sainte du Proche-Orient peut-on visiter l'église du Saint-Sépulcre ?Jérusalem
85%
Quelle substance grasse indispensable à l'organisme, provenant des aliments et fabriquée par le foie, est dit "bon", ou "mauvais" quand il obture les artères ?cholestérol
85%
Sous quel synonyme de "fainéant" connaît-on mieux le mammifère arboricole aux mouvements très lents, dont une variété est l'unau ?paresseux
79%
En semaine, qui présente le journal de 13 heures sur TF1, depuis plus de 20 ans ?Jean-Pierre Pernaut
72%
Quel est le nom du célèbre criminel français du début du XXe siècle, qui a inspiré Charlie Chaplin pour son film "Monsieur Verdoux" ?Landru
56%
Quel peintre né en 1839, auteur de la toile "La Maison du pendu", a longtemps partagé son temps entre sa ville natale, Aix-en-Provence, et Paris ?Paul Cézanne
38%
Dans la série "Les Cordier, juge et flic" sur TF1, quel acteur incarnait le juge Bruno Cordier ?Bruno Madinier
26%

Distribution des résultats

Percentile par nombre de réponses

% des personnes avec chaque résultat

Votre développement - résultats

Vous n’avez pas pris ce quiz